000 00521nam a2200205Ia 4500
005 20230424101202.0
008 140110s9999 xx 000 0 und d
020 _a9781861972811
_cRs.250.00
040 _aLoreto College
041 _aEnglish
082 _a658
_bMOO
100 _aMoon,Chris and Bonny,Clive
245 4 _aThe Economist
_bBusiness ethics
260 _aLondon
_bProfile Books
_c2002
300 _a206p.
440 _aThe Economist Books
700 _aBonny, Clive
850 _aLCLIB
942 _cBK
999 _c37202
_d87681